000 00850cab a2200265 4500
001 ABS36876
008 090401t1986 xxu||||| |||| 00| 0 eng d
035 _a(Sirsi) u811
041 _aeng
100 _aSwarbrick, A.
245 _aMaking the choice: partnership or company
260 _c1986
350 _a0
490 _aChartered Surveyor Weekly
_v16(10) 11 September 1986, p716 (1)
520 _aIn the first of a series of articles on partnerships , the author looks at the implications for the profession now that surveyors can introduce outside finance into their firms.
650 _aBIG BANG
650 _aDEREGULATION
650 _aFINANCE
650 _aINCORPORATION
650 _aPARTNERSHIPS
650 _aSURVEYORS
690 _aMANAGEMENT-BUSINESS MANAGEMENT-PROFESSIONAL PRACTICE
942 _n0
948 _c04/03/1997
999 _c443
_d443